Drapeaux avec la couleur Vert - Mort subite - Statistiques

Statistiques générales
  • Ce quiz a été pris 97 fois
    44 depuis la dernière actualisation
  • Le résultat moyen est 12 sur 24
Answers on the Grid
Answers color-coded by a green-red scale on the quiz's grid according to % correct below.
Arabie Saoudite
Bangladesh
Bulgarie
Cameroun
Madagascar
Éthiopie
Gabon
Gambie
Grenade
Îles Salomon
Koweït
Malawi
Mali
Mozambique
Niger
Portugal
Sénégal
Sud Soudan
Suriname
Tadjikistan
Vanuatu
Zimbabwe
Saint-Kitts-et-Nevis
Ile Maurice
Angola
Argentine
Autriche
Corée du Nord
Costa Rica
Philippines
Géorgie
France
Indonésie
France
Laos
Lettonie
Mongolie
Népal
Palau
Pérou
Qatar
Royaume-Uni
Roumanie
République démocratique du Congo
Suède
Suisse
Thaïland
Trinité et Tobago
 
Statistiques - réponses
Réponse % Correct
Cameroun
71%
Portugal
71%
Arabie Saoudite
67%
Bangladesh
67%
Bulgarie
62%
Mali
62%
Gabon
57%
Madagascar
57%
Niger
57%
Tadjikistan
57%
Gambie
48%
Ile Maurice
48%
Sénégal
48%
Zimbabwe
48%
Éthiopie
43%
Malawi
43%
Suriname
43%
Koweït
38%
Mozambique
38%
Saint-Kitts-et-Nevis
38%
Sud Soudan
33%
Grenade
29%
Vanuatu
29%
Îles Salomon
14%
Aucun quiz correspondant
Distribution des résultats
% des personnes avec chaque résultat
Percentile par nombre de réponses
Votre historique - résultats
Vous n’avez pas pris ce quiz depuis la dernière actualisation